000 00270nam a22001217a 4500
008 181129b xxu||||| |||| 00| 0 eng d
041 _aeng
080 _a043.3
100 _a0
101 _aBTH-INI
245 _aStruktura nga Druri Monolit
_cQarri, C
942 _2udc
_cBK
999 _c52617
_d52617